[Event "5. Torneo de Promoción de Almansa"]
[Site "Almansa ESP"]
[Date "2010.08.12"]
[Round "5.10"]
[White "Gil Quilez, David"]
[Black "Villuendas Valero, Adrian"]
[Result "1/2-1/2"]
[PlyCount "28"]
[EventDate "2010.08.09"]
[EventType "swiss"]
[EventRounds "9"]
[EventCountry "ESP"]
[Source "lmi"]
[SourceDate "2010.08.09"]
[WhiteElo "2133"]
[BlackElo "2261"]

1. e4 c5 2. Nf3 e6 3. d4 cxd4 4. Nxd4 Qb6 5. Nb3 Bb4+ 6. c3 Be7 7. Qd4 Qxd4 8.
Nxd4 a6 9. Nd2 d5 10. exd5 exd5 11. Bd3 Nc6 12. N2f3 Bf6 13. Bf4 Nge7 14. h3
Nxd4 1/2-1/2

[Event "5. Torneo de Promoción de Almansa"]
[Site "Almansa ESP"]
[Date "2010.08.12"]
[Round "5.11"]
[White "Cruz Lledo, Pablo"]
[Black "Mombiela Martinez, Gonzalo"]
[Result "1/2-1/2"]
[PlyCount "64"]
[EventDate "2010.08.09"]
[EventType "swiss"]
[EventRounds "9"]
[EventCountry "ESP"]
[Source "lmi"]
[SourceDate "2010.08.09"]
[WhiteElo "2239"]
[BlackElo "2110"]

1. d4 d5 2. Nf3 c6 3. g3 e6 4. Bg2 f5 5. O-O Nf6 6. b3 Bd6 7. c4 Qe7 8. Bf4 O-O
9. Bxd6 Qxd6 10. Nc3 b6 11. Na4 Nbd7 12. Nb2 Bb7 13. Qc2 Ne4 14. Rad1 Rac8 15.
Nd3 Qe7 16. Nfe5 Nef6 17. Nxd7 Nxd7 18. b4 Ba6 19. c5 Bxd3 20. Rxd3 e5 21. Ra3
bxc5 22. dxc5 Rc7 23. f3 e4 24. g4 exf3 25. Raxf3 fxg4 26. Rxf8+ Nxf8 27. Qf5
Rd7 28. Qxg4 Rd8 29. e4 d4 30. Qf3 Ng6 31. Qb3+ Kh8 32. Qg3 Ne5 1/2-1/2

[Event "5. Torneo de Promoción de Almansa"]
[Site "Almansa ESP"]
[Date "2010.08.12"]
[Round "5.12"]
[White "Lara Lopez, Sergio"]
[Black "Martinez Rodriguez, Pablo"]
[Result "0-1"]
[PlyCount "63"]
[EventDate "2010.08.09"]
[EventType "swiss"]
[EventRounds "9"]
[EventCountry "ESP"]
[Source "lmi"]
[SourceDate "2010.08.09"]
[WhiteElo "2064"]
[BlackElo "2227"]

1. e4 c6 2. d4 d5 3. exd5 cxd5 4. c4 Nf6 5. Nc3 e6 6. Bf4 Be7 7. c5 O-O 8. Bd3
b6 9. b4 Nc6 10. Nb5 Ne8 11. Rb1 a6 12. Na3 Nxd4 13. Nc2 bxc5 14. Nxd4 cxd4 15.
Rb3 f5 16. Nf3 Bf6 17. Be5 Bd7 18. Qd2 Bxe5 19. Nxe5 Nd6 20. O-O Nf7 21. f4 Ba4
22. Rbb1 Nxe5 23. fxe5 Qc7 24. Qf4 Qb6 25. Rf3 Rac8 26. Rb2 Bb5 27. Rg3 Rc7 28.
Qh6 Rcf7 29. Qd2 Bxd3 30. Rxd3 Rc7 31. h3 Rc3 32. Qd1 0-1

[Event "5. Torneo de Promoción de Almansa"]
[Site "Almansa ESP"]
[Date "2010.08.12"]
[Round "5.13"]
[White "Navarro Lopez-Menchero, Daniel"]
[Black "Chalmeta Ugas, Ramon"]
[Result "0-1"]
[PlyCount "50"]
[EventDate "2010.08.09"]
[EventType "swiss"]
[EventRounds "9"]
[EventCountry "ESP"]
[Source "lmi"]
[SourceDate "2010.08.09"]
[WhiteElo "2115"]
[BlackElo "2204"]

1. e4 g6 2. d4 Bg7 3. Nc3 c6 4. Be2 d5 5. e5 h5 6. Nf3 Bg4 7. O-O Nh6 8. Bxh6
Bxh6 9. b3 Nd7 10. Na4 O-O 11. h3 Bxf3 12. Bxf3 b5 13. Nb2 e6 14. Be2 Rb8 15.
f4 c5 16. g4 cxd4 17. Nd3 Qh4 18. Kg2 f6 19. exf6 Nxf6 20. Ne5 Ne4 21. Qd3 Rxf4
22. Nxg6 Rf2+ 23. Kh1 Qg3 24. Qxg3 Nxg3+ 25. Kg1 Rxe2 0-1

[Event "5. Torneo de Promoción de Almansa"]
[Site "Almansa ESP"]
[Date "2010.08.12"]
[Round "5.14"]
[White "Del Valle Cirera, Adria"]
[Black "Martinez Lopez, David"]
[Result "1-0"]
[PlyCount "85"]
[EventDate "2010.08.09"]
[EventType "swiss"]
[EventRounds "9"]
[EventCountry "ESP"]
[Source "lmi"]
[SourceDate "2010.08.09"]
[WhiteElo "2199"]
[BlackElo "2110"]

1. e4 e6 2. d4 d5 3. Nc3 Nf6 4. Bg5 Bb4 5. Nge2 h6 6. Bxf6 Qxf6 7. a3 Bxc3+ 8.
Nxc3 c6 9. e5 Qe7 10. f4 O-O 11. Bd3 b6 12. O-O Ba6 13. f5 exf5 14. Rxf5 Qh4
15. Ne2 Bc8 16. Rf4 Qg5 17. Qf1 Be6 18. h4 Qe7 19. Ng3 Nd7 20. Re1 g6 21. Qf2
c5 22. c3 c4 23. Bb1 b5 24. Rf1 a5 25. Nh5 b4 26. axb4 axb4 27. Nf6+ Nxf6 28.
exf6 Qd7 29. h5 Kh8 30. hxg6 fxg6 31. Bxg6 Rg8 32. f7 Rxg6 33. f8=Q+ Rxf8 34.
Rxf8+ Kh7 35. Rf6 Rg4 36. Qe3 Qg7 37. Qxe6 Rxg2+ 38. Kh1 Rg5 39. Qh3 bxc3 40.
Rf7 Rg1+ 41. Kh2 Rxf1 42. Rxg7+ Kxg7 43. Qxf1 1-0

[Event "5. Torneo de Promoción de Almansa"]
[Site "Almansa ESP"]
[Date "2010.08.12"]
[Round "5.15"]
[White "Machin Arbelo, Pedro Alexis"]
[Black "Jordan Martinez, Miguel"]
[Result "0-1"]
[PlyCount "84"]
[EventDate "2010.08.09"]
[EventType "swiss"]
[EventRounds "9"]
[EventCountry "ESP"]
[Source "lmi"]
[SourceDate "2010.08.09"]
[WhiteElo "2032"]
[BlackElo "2165"]

1. d4 d5 2. Nc3 Nf6 3. Bg5 c6 4. Nf3 Bf5 5. e3 Nbd7 6. Bd3 Bxd3 7. Qxd3 e6 8.
e4 dxe4 9. Nxe4 Be7 10. Nxf6+ Bxf6 11. Be3 O-O 12. O-O Qc7 13. Rad1 Rfd8 14.
Qb3 Nf8 15. c4 Rd7 16. Rd2 Rad8 17. Rfd1 b6 18. a4 Ng6 19. c5 bxc5 20. dxc5 Rd5
21. Rxd5 exd5 22. Bd4 Ne5 23. Bxe5 Bxe5 24. Nxe5 Qxe5 25. Qb7 Qe2 26. Rf1 d4
27. Qxc6 d3 28. Qf3 Qxb2 29. c6 Qc2 30. Rd1 h6 31. g3 d2 32. a5 Rd6 33. Qe2
Qxc6 34. f3 Qc5+ 35. Kg2 Qd5 36. Qe3 a6 37. Qe8+ Kh7 38. Qe4+ f5 39. Qf4 Qd3
40. Kh3 Rd5 41. g4 Qe2 42. gxf5 Qxd1 0-1

[Event "5. Torneo de Promoción de Almansa"]
[Site "Almansa ESP"]
[Date "2010.08.12"]
[Round "6.7"]
[White "Machado Hernandez, Junior"]
[Black "Pons Carreras, David"]
[Result "1/2-1/2"]
[PlyCount "54"]
[EventDate "2010.08.09"]
[EventType "swiss"]
[EventRounds "9"]
[EventCountry "ESP"]
[Source "lmi"]
[SourceDate "2010.08.09"]
[WhiteElo "2010"]
[BlackElo "2292"]

1. e4 d6 2. Nc3 c6 3. Bc4 Nf6 4. Bb3 e5 5. d4 Nbd7 6. Nf3 Be7 7. Be3 O-O 8. Qd3
b5 9. d5 b4 10. dxc6 bxc3 11. cxd7 cxb2 12. Rb1 Bb7 13. Ng5 Qxd7 14. Rxb2 Bc6
15. f3 h6 16. Nh3 d5 17. exd5 Nxd5 18. Bxd5 Qxd5 19. Qxd5 Bxd5 20. Nf2 Rfc8 21.
Nd3 Bf6 22. Rb5 Bxa2 23. Kd2 Bc4 24. Ra5 Bxd3 25. Kxd3 Rc7 26. c4 Kf8 27. c5
Bg5 1/2-1/2

[Event "5. Torneo de Promoción de Almansa"]
[Site "Almansa ESP"]
[Date "2010.08.12"]
[Round "6.8"]
[White "Martinez Rodriguez, Pablo"]
[Black "Jimenez Martin, Gustavo"]
[Result "1-0"]
[PlyCount "59"]
[EventDate "2010.08.09"]
[EventType "swiss"]
[EventRounds "9"]
[EventCountry "ESP"]
[Source "lmi"]
[SourceDate "2010.08.09"]
[WhiteElo "2227"]
[BlackElo "2161"]

1. Nf3 d5 2. c4 e6 3. d4 f5 4. e3 Nf6 5. Be2 c6 6. O-O Bd6 7. b3 b6 8. Ba3 Bb7
9. Qc2 Ne4 10. Bxd6 Qxd6 11. Ne5 Nd7 12. f3 Nef6 13. Qb2 O-O 14. b4 Qe7 15. Nd2
Rab8 16. Rac1 Nxe5 17. dxe5 Nd7 18. cxd5 exd5 19. f4 a5 20. bxa5 bxa5 21. Nb3
a4 22. Na5 Ba8 23. Qd4 c5 24. Qxa4 Rb4 25. Nc6 Rxa4 26. Nxe7+ Kf7 27. Nxf5 Rxa2
28. Bb5 Ke6 29. Nxg7+ Ke7 30. Ra1 1-0

[Event "5. Torneo de Promoción de Almansa"]
[Site "Almansa ESP"]
[Date "2010.08.12"]
[Round "6.9"]
[White "Castella Garcia, Fausto"]
[Black "Uribe Arteaga, Daniel"]
[Result "1-0"]
[PlyCount "59"]
[EventDate "2010.08.09"]
[EventType "swiss"]
[EventRounds "9"]
[EventCountry "ESP"]
[Source "lmi"]
[SourceDate "2010.08.09"]
[WhiteElo "2334"]
[BlackElo "2233"]

1. e4 c5 2. Nf3 d6 3. d4 cxd4 4. Nxd4 Nf6 5. Nc3 g6 6. Be3 Bg7 7. f3 O-O 8. Qd2
Nc6 9. g4 Nxd4 10. Bxd4 Be6 11. O-O-O Qa5 12. a3 Rfc8 13. h4 Rab8 14. h5 b5 15.
hxg6 fxg6 16. g5 Nh5 17. Bxg7 Kxg7 18. Bh3 Bxh3 19. Rxh3 b4 20. Nd5 Qa4 21. f4
Rc4 22. Nxe7 Nxf4 23. Rf3 Ne6 24. b3 Qxa3+ 25. Kb1 Rc5 26. Rdf1 Rxg5 27. Rf7+
Kh8 28. Qxd6 Rb6 29. Qd7 Rb8 30. Qxe6 1-0

[Event "5. Torneo de Promoción de Almansa"]
[Site "Almansa ESP"]
[Date "2010.08.12"]
[Round "6.10"]
[White "Villuendas Valero, Adrian"]
[Black "Grigoriev, Ivan"]
[Result "1-0"]
[PlyCount "49"]
[EventDate "2010.08.09"]
[EventType "swiss"]
[EventRounds "9"]
[EventCountry "ESP"]
[Source "lmi"]
[SourceDate "2010.08.09"]
[WhiteElo "2261"]
[BlackElo "2172"]

1. d4 Nf6 2. Bg5 c5 3. d5 Qb6 4. Nc3 Qxb2 5. Bd2 Qb6 6. e4 d6 7. f4 e6 8. Rb1
Qc7 9. Bc4 exd5 10. Nxd5 Nxd5 11. Bxd5 Be7 12. Bc3 O-O 13. Ne2 Nc6 14. O-O Nb4
15. f5 Nxd5 16. exd5 Bg5 17. f6 g6 18. Bd2 Bxd2 19. Qxd2 Kh8 20. Qh6 Rg8 21.
Ng3 g5 22. Rbe1 Qd8 23. Ne4 Rg6 24. Nxg5 Qg8 25. Re8 1-0

[Event "5. Torneo de Promoción de Almansa"]
[Site "Almansa ESP"]
[Date "2010.08.12"]
[Round "6.11"]
[White "Mombiela Martinez, Gonzalo"]
[Black "Peña Riasco, Alexander"]
[Result "0-1"]
[PlyCount "92"]
[EventDate "2010.08.09"]
[EventType "swiss"]
[EventRounds "9"]
[EventCountry "ESP"]
[Source "lmi"]
[SourceDate "2010.08.09"]
[WhiteElo "2110"]
[BlackElo "2255"]

1. d4 Nf6 2. Nc3 d5 3. Bg5 e6 4. e4 dxe4 5. Nxe4 Nbd7 6. Nf3 Be7 7. Nxf6+ Bxf6
8. Bxf6 Qxf6 9. Bd3 O-O 10. O-O e5 11. dxe5 Nxe5 12. Nxe5 Qxe5 13. b3 Be6 14.
Re1 Qg5 15. Qc1 Qxc1 16. Raxc1 a5 17. Be4 Rab8 18. c4 c6 19. Red1 Rfd8 20. Bf3
Kf8 21. Kf1 Rxd1+ 22. Rxd1 a4 23. Rd2 axb3 24. axb3 Ra8 25. Ke2 Ra3 26. Rb2 Ke7
27. Kd2 Kd6 28. Kc3 Kc5 29. Be2 h6 30. Bd3 b5 31. cxb5 cxb5 32. Bc2 b4+ 33. Kd2
Kd4 34. f3 g5 35. g3 Bd5 36. f4 gxf4 37. gxf4 Ra1 38. Bb1 Ra3 39. Bc2 f6 40. h3
Ra7 41. Bf5 Rg7 42. Bg4 Be4 43. f5 Rg5 44. Ke1 h5 45. Rd2+ Kc3 46. Be2 Rg1+ 0-1

[Event "5. Torneo de Promoción de Almansa"]
[Site "Almansa ESP"]
[Date "2010.08.12"]
[Round "6.12"]
[White "Ayza Leon, David"]
[Black "Unciti Juan, Javier"]
[Result "1/2-1/2"]
[PlyCount "90"]
[EventDate "2010.08.09"]
[EventType "swiss"]
[EventRounds "9"]
[EventCountry "ESP"]
[Source "lmi"]
[SourceDate "2010.08.09"]
[WhiteElo "2249"]
[BlackElo "2159"]

1. e4 e6 2. Nf3 d5 3. e5 c5 4. b4 d4 5. bxc5 Bxc5 6. Bd3 Nc6 7. O-O Nb4 8. Bc4
Ne7 9. c3 Nbc6 10. Qe2 Nf5 11. a4 O-O 12. Ba3 b6 13. Bxc5 bxc5 14. Na3 Na5 15.
Bd3 Bb7 16. Nb5 a6 17. Bxf5 axb5 18. Bc2 bxa4 19. cxd4 Bxf3 20. Qxf3 Qxd4 21.
Rxa4 Qxd2 22. Qe4 g6 23. Rfa1 Rad8 24. h4 Nc6 25. h5 Nb4 26. hxg6 hxg6 27. Bb3
Rd4 28. Qf3 Rf4 29. Qg3 Re4 30. Bxe6 Re1+ 31. Rxe1 Qxe1+ 32. Kh2 Kg7 33. Qf4
Qd1 34. Qf6+ Kh7 35. Ra3 Nd3 36. Qh4+ Kg7 37. Qf6+ Kh6 38. Qh4+ Kg7 39. Qf6+
Kh6 40. Bg4 Qd2 41. Qh4+ Kg7 42. Qf6+ Kg8 43. Kg3 c4 44. e6 Qb2 45. Qxb2 Nxb2
1/2-1/2

[Event "5. Torneo de Promoción de Almansa"]
[Site "Almansa ESP"]
[Date "2010.08.12"]
[Round "6.13"]
[White "Gil Quilez, David"]
[Black "Cruz Lledo, Pablo"]
[Result "1/2-1/2"]
[PlyCount "151"]
[EventDate "2010.08.09"]
[EventType "swiss"]
[EventRounds "9"]
[EventCountry "ESP"]
[Source "lmi"]
[SourceDate "2010.08.09"]
[WhiteElo "2133"]
[BlackElo "2239"]

1. e4 c5 2. Nf3 d6 3. d4 cxd4 4. Nxd4 Nf6 5. Nc3 a6 6. Be3 e6 7. Be2 b5 8. a3
Bb7 9. Bd3 Nbd7 10. O-O Be7 11. Nb3 O-O 12. Qe2 Qc7 13. f4 Nc5 14. Bf2 e5 15.
fxe5 dxe5 16. Nxc5 Bxc5 17. Bxc5 Qxc5+ 18. Qf2 Nd7 19. Rad1 Qxf2+ 20. Rxf2 Nc5
21. Rfd2 Rad8 22. Kf2 Rd7 23. Ke3 Rfd8 24. b4 Ne6 25. Ne2 Rc7 26. Ra1 Ng5 27.
Ng3 Rcd7 28. h4 Ne6 29. Ne2 g6 30. g4 Bc6 31. Rad1 Nd4 32. Nxd4 exd4+ 33. Kf4
Re8 34. Re2 f6 35. Rde1 Re5 36. g5 Kg7 37. Rg1 Rde7 38. gxf6+ Kxf6 39. Rg5 h6
40. Rxe5 Rxe5 41. Kg4 Bd7+ 42. Kg3 g5 43. Rf2+ Kg6 44. Rf8 Bc6 45. hxg5 hxg5
46. Kf3 Re7 47. Rd8 Rf7+ 48. Kg3 Rd7 49. Rc8 Bb7 50. Rg8+ Kf6 51. Kg4 Re7 52.
Rf8+ Kg7 53. Rd8 Bxe4 54. Rxd4 Bxd3 55. cxd3 Kf6 56. Rd6+ Re6 57. Rd5 Re1 58.
Rd6+ Ke5 59. Rxa6 Rg1+ 60. Kf3 g4+ 61. Kf2 Rd1 62. Kg3 Rg1+ 63. Kf2 Rh1 64. Kg3
Kf5 65. Rb6 Rh3+ 66. Kg2 Rxd3 67. Rxb5+ Kf4 68. Rc5 Rxa3 69. Rc4+ Kg5 70. Rc8
Ra2+ 71. Kg3 Ra3+ 72. Kg2 Rb3 73. Rg8+ Kf4 74. Rf8+ Ke4 75. Re8+ Kd4 76. Rf8
1/2-1/2

[Event "5. Torneo de Promoción de Almansa"]
[Site "Almansa ESP"]
[Date "2010.08.12"]
[Round "6.14"]
[White "Baños, Oscar"]
[Black "Nicolas Zapata, Irene"]
[Result "1-0"]
[PlyCount "55"]
[EventDate "2010.08.09"]
[EventType "swiss"]
[EventRounds "9"]
[EventCountry "ESP"]
[Source "lmi"]
[SourceDate "2010.08.09"]
[WhiteElo "2239"]
[BlackElo "1962"]

1. c4 c5 2. Nc3 Nc6 3. g3 g6 4. Bg2 Bg7 5. e4 Nf6 6. Nge2 O-O 7. O-O d6 8. d3
Rb8 9. h3 a6 10. a4 Ne8 11. Be3 Nc7 12. d4 cxd4 13. Nxd4 Ne6 14. Nde2 Nc5 15.
Rb1 Be6 16. b4 Nd7 17. Nd5 Bxd5 18. exd5 Nce5 19. Qb3 Nb6 20. Rfc1 Rc8 21. c5
Na8 22. Nd4 a5 23. c6 bxc6 24. dxc6 d5 25. Bxd5 Nc7 26. Bg2 axb4 27. Rd1 Qe8
28. f4 1-0

[Event "5. Torneo de Promoción de Almansa"]
[Site "Almansa ESP"]
[Date "2010.08.12"]
[Round "6.15"]
[White "Sabater Sanchez, Asensio"]
[Black "Buendia Morcillo, Luis"]
[Result "1/2-1/2"]
[PlyCount "79"]
[EventDate "2010.08.09"]
[EventType "swiss"]
[EventRounds "9"]
[EventCountry "ESP"]
[Source "lmi"]
[SourceDate "2010.08.09"]
[WhiteElo "2256"]
[BlackElo "1956"]

1. c4 c6 2. g3 g6 3. Bg2 Bg7 4. Nc3 f5 5. d3 Nf6 6. e4 d6 7. Nge2 O-O 8. O-O e5
9. h3 Qc7 10. Be3 Be6 11. exf5 Bxf5 12. d4 Nbd7 13. g4 Be6 14. d5 Bf7 15. Ng3
c5 16. Qd2 a6 17. Rab1 Rab8 18. a4 Qb6 19. g5 Ne8 20. Nge4 Qd8 21. h4 Qe7 22.
Bh3 Nc7 23. Ra1 b6 24. f3 Rfd8 25. Qh2 Rb7 26. Bg4 Rdb8 27. b3 b5 28. Qh3 Be8
29. axb5 axb5 30. Be6+ Kh8 31. Rfb1 Nf8 32. Bg4 bxc4 33. Bxc5 dxc5 34. d6 Qd8
35. dxc7 Qxc7 36. bxc4 Rxb1+ 37. Rxb1 Rxb1+ 38. Nxb1 Qd8 39. Qf1 Qd4+ 40. Kh1
1/2-1/2